[Event "45th Sitges Open 2019"]
[Site "Sitges"]
[Date "2019.07.26"]
[Round "5.6"]
[White "Oliva Castaneda, Kevel"]
[Black "Ingebretsen, Jens E"]
[Result "1/2-1/2"]
[WhiteElo "2467"]
[BlackElo "2276"]
[Annotator "ChessBase"]
[PlyCount "49"]
[EventDate "2019.07.21"]
[EventType "swiss"]
[EventCountry "ESP"]
[SourceTitle "playchess.com"]
[Source "ChessBase"]
[SourceQuality "1"]
[TimeControl "40/5400+30:1800+30"]

1. e4 e5 {[%emt 0:03:34]} 2. Nf3 {[%emt 0:00:03]} Nc6 {[%emt 0:00:06]} 3. Bc4 {[%emt 0:00:04]} Bc5 {[%emt 0:00:07]} 4. O-O {[%emt 0:00:14]} Nf6 {[%emt 0:00:06]} 5. d3 {[%emt 0:00:05]} O-O 6. a4 {[%emt 0:01:07]} d6 {[%emt 0:00:41]} 7. c3 {[%emt 0:00:10]} a6 {[%emt 0:00:56]} 8. h3 {[%emt 0:01:16]} Ba7 {[%emt 0:00:43]} 9. Nbd2 {[%emt 0:00:35]} Ne7 {[%emt 0:02:06]} 10. Re1 {[%emt 0:00:41]} c6 {[%emt 0:02:36]} 11. Bb3 {[%emt 0:01:09]} Ng6 {[%emt 0:01:03]} 12. d4 {[%emt 0:00:15]} Qc7 {[%emt 0:08:53]} 13. a5 {[%emt 0:02:14]} Re8 {[%emt 0:06:22]} 14. Bc2 {[%emt 0:02:59]} Be6 {[%emt 0:02:46]} 15. Nf1 {[%emt 0:01:13]} h6 {[%emt 0:01:17]} 16. Ng3 {[%emt 0:01:10]} Rad8 {[%emt 0:00:26]} 17. Be3 {[%emt 0:02:28]} d5 {[%emt 0:09:27]} 18. Nxe5 {[%emt 0:26:39]} Nxe5 {[%emt 0:02:27]} 19. dxe5 {[%emt 0:00:05]} dxe4 {[%emt 0:10:29]} 20. Qe2 {[%emt 0:03:40]} Bxe3 {[%emt 0:00:22]} 21. Qxe3 {[%emt 0:00:06]} Qxe5 {[%emt 0:00:31]} 22. Nxe4 {[%emt 0:00:28]} Nxe4 {[%emt 0:00:37]} 23. Bxe4 {[%emt 0:00:09]} Qg5 {[%emt 0:02:18]} 24. b4 {[%emt 0:03:18]} Qxe3 {[%emt 0:01:46]} 25. Rxe3 {[%emt 0:00:13]} 1/2-1/2

[Event "45th Sitges Open 2019"]
[Site "Sitges"]
[Date "2019.07.26"]
[Round "5.7"]
[White "Pena Morales, Hugo"]
[Black "Sreeshwan, Maralakshikari"]
[Result "0-1"]
[WhiteElo "2267"]
[BlackElo "2461"]
[Annotator "TA"]
[PlyCount "56"]
[EventDate "2019.07.21"]
[EventType "swiss"]
[EventCountry "ESP"]
[SourceTitle "playchess.com"]
[Source "ChessBase"]
[SourceQuality "1"]

{[%evp 15,56,-44,-40,-38,-5,-79,-85,-106,-96,-100,-87,-87,-91,-89,-87,-95,-90,-105,-105,-173,-184,-177,-178,-187,-126,-121,-143,-135,-131,-356,-287,-285,-304,-487,-487,-487,-480,-535,-529,-528,-511,-519,-455]} 1. f4 d5 2. Nf3 Nf6 3. g3 g6 4. Bg2 Bg7 5. d3 O-O 6. O-O b6 7. e4 dxe4 8. Ng5 Bb7 9. Nc3 {[%cal Rd3e4] A03: Bird's Opening with 1...d5} Nbd7 10. d4 $146 (10. dxe4 $11 e5 11. Be3) ({Predecessor:} 10. Ngxe4 Nxe4 11. dxe4 Nc5 12. e5 Bxg2 13. Kxg2 f6 14. exf6 Qxd1 15. Rxd1 Bxf6 {1-0 (64) Rendle,T (2366)-Nyysti,S (2299) Porto Carras 2018}) 10... c5 $17 11. Be3 {[%cal Rg5e4] Black is better.} Qc7 12. Ngxe4 Nxe4 13. Bxe4 Bxe4 14. Nxe4 Rad8 15. c3 cxd4 16. Bxd4 Nc5 17. Ng5 (17. Qf3 $17 {was necessary.}) 17... f6 $19 18. Nf3 e5 $36 {[%mdl 2048] Keeping White busy.} 19. b4 Ne4 (19... exd4 $19 20. bxc5 dxc3 21. Qb3+ Rf7 22. Qxc3 Bf8) 20. fxe5 fxe5 21. Qb3+ Kh8 22. Rae1 $2 {[#]} (22. Be3 $17) 22... exd4 23. Rxe4 {[%cal Rc3d4]} dxc3 {Hoping for ...Rxf3!} 24. Qc4 $2 (24. Kg2) 24... Rc8 {Black is clearly winning.} 25. Qxc7 Rxc7 26. Ne1 c2 27. Nd3 Rxf1+ 28. Kxf1 {[#] intending Re8+.} c1=Q+ {Played: Bg7-b2} 0-1

[Event "45th Sitges Open 2019"]
[Site "Sitges"]
[Date "2019.07.26"]
[Round "5.8"]
[White "Valderrama Quiceno, Esteban Alb"]
[Black "Vittorino, Carlo Giovanni"]
[Result "1/2-1/2"]
[WhiteElo "2423"]
[BlackElo "2252"]
[Annotator "TA"]
[PlyCount "85"]
[EventDate "2019.07.21"]
[EventType "swiss"]
[EventCountry "ESP"]
[SourceTitle "playchess.com"]
[Source "ChessBase"]
[SourceQuality "1"]

{[%evp 21,85,46,41,34,44,47,47,32,41,31,32,21,27,27,22,23,55,53,66,46,175,89,67,86,74,81,68,62,79,71,87,77,95,103,108,97,105,95,104,102,85,102,96,89,57,39,47,45,33,16,54,18,48,0,0,0,114,0,0,0,0,0,0,-34,0,0]} 1. Nf3 Nf6 2. g3 g6 3. Bg2 Bg7 4. O-O O-O 5. c4 c6 6. d4 d5 7. Ne5 Nfd7 8. cxd5 Nxe5 9. dxe5 Bxe5 10. Nc3 cxd5 11. Nxd5 Nc6 12. Bh6 {D79: Fianchetto Grünfeld: Symmetrical Variation (6 0-0 c6 7 cxd5 cxd5)} Re8 13. Qa4 $146 ({Predecessor:} 13. Qd2 e6 14. Nc3 Qxd2 15. Bxd2 Bd7 16. Rfd1 Red8 17. Ne4 Be8 18. Bg5 Bxb2 19. Rxd8 Nxd8 {½-½ (48) Blagojevic,D (2548)-Saric,I (2555) Cazin 2009}) 13... Be6 14. Rad1 {[%cal Ba1d1,Bd1d2,Bd2c2][%mdl 32] White is slightly better.} Qa5 15. Qxa5 Nxa5 16. b3 Rac8 17. Rd2 Nc6 18. Rfd1 b6 19. Rc2 $36 {[%mdl 2048] [#] Rxc6! is the strong threat. Black is under pressure.} Bxd5 20. Rxd5 {Strongly threatening Rxc6.} e6 ({Black should try} 20... Bg7 $14 21. Be3 Nb8) 21. Rd7 (21. Rb5 $18) 21... Nd4 $16 22. Rxc8 Rxc8 23. Bb7 Rb8 24. Kf1 Nf5 25. Bc1 a5 26. f4 Bf6 27. e4 Nd6 28. Rxd6 Rxb7 {[%mdl 4096] Endgame KRB-KRB} 29. Be3 b5 {[#]} 30. Ra6 $1 Bc3 31. Ke2 h5 32. Kd3 Bb4 33. Ra8+ Kg7 $1 34. Bd4+ f6 35. Ra6 Kf7 36. e5 f5 37. a4 bxa4 38. bxa4 Be1 (38... h4 $11) 39. Ra7 (39. Bb6 $16) 39... Rxa7 $11 40. Bxa7 Ke8 41. Kc4 h4 42. gxh4 Kd7 43. Be3 {Accuracy: White = 62%, Black = 58%.} 1/2-1/2

[Event "45th Sitges Open 2019"]
[Site "Sitges"]
[Date "2019.07.27"]
[Round "6.1"]
[White "Berdayes Ason, Dylan Isidro"]
[Black "Volkov, Sergey"]
[Result "1-0"]
[WhiteElo "2461"]
[BlackElo "2548"]
[Annotator "TA"]
[PlyCount "131"]
[EventDate "2019.07.21"]
[EventType "swiss"]
[EventCountry "ESP"]
[SourceTitle "playchess.com"]
[Source "ChessBase"]
[SourceQuality "1"]

{[%evp 26,131,27,27,31,27,23,25,34,25,35,30,32,39,39,35,54,54,93,82,63,31,54,30,27,29,56,62,81,75,77,28,92,0,0,0,0,0,8,10,10,10,61,64,65,58,62,60,62,62,65,62,60,64,106,43,125,110,100,85,127,95,147,58,58,26,784,829,754,754,733,733,701,707,688,688,647,647,1582,1366,29967,29968,29973,29974,29974,29975,29975,29976,29976,29977,29977,29978,29978,29979,29978,29980,29982,29983,29983,29984,29984,29985,29987,29988,29988,29989,29990,29991]} 1. e4 e6 2. d4 d5 3. Nd2 Nf6 4. e5 Nfd7 5. Bd3 c5 6. c3 Nc6 7. Ne2 cxd4 8. cxd4 f6 9. exf6 Nxf6 10. O-O Bd6 11. Nf3 O-O 12. Bf4 Bxf4 13. Nxf4 Ng4 14. Qd2 Qf6 {C06: French Tarrasch: 3...Nf6 4 e5 Nfd7 5 Bd3 main lines} 15. Nh5 Qh6 16. Qxh6 Nxh6 {White has an edge.} 17. Rac1 g6 18. Ng3 {[#]} Nf7 $146 ({Predecessor:} 18... a6 19. Rfe1 Nf7 20. Rc3 Bd7 21. Rb3 Nfd8 22. Ne2 {½-½ (52) Anisimov,P (2521)-Volkov,S (2568) St Petersburg 2018}) 19. Ne2 Bd7 20. Bb5 Nfd8 21. Rc3 Kf7 22. Re1 Ke7 23. a3 Rc8 24. h4 a6 25. Bd3 Be8 26. Bb1 Kd6 27. g3 Rc7 28. Nf4 Rcf7 (28... Nxd4 $1 $11 {keeps the balance.} 29. Nxd4 Rxc3 30. bxc3 e5 {[%mdl 64] Double Attack}) 29. Rce3 (29. Kg2 $16) 29... Rxf4 $1 $11 30. gxf4 Rxf4 31. Rd1 g5 32. hxg5 {Strongly threatening Kg2.} Bh5 33. Kg2 {And now Rde1 would win.} Rg4+ (33... Nxd4 $1 $11 34. Rxd4 Bxf3+ 35. Rxf3 Rxd4) 34. Kh2 Rf4 35. Rdd3 Nf7 36. Rc3 Nxd4 37. Nxd4 Rxd4 38. Rg3 ({Much worse is} 38. Bxh7 $6 Nxg5 39. Bc2 Rh4+ 40. Kg3 Rg4+ 41. Kh2 d4 $11) 38... Bg6 39. Bxg6 hxg6 $14 {[%mdl 4096] Endgame KRR-KRN} 40. Kg2 (40. Rc8 $16) 40... Ne5 ({Better is} 40... Rd2 $14) 41. Rc8 $1 $16 Nd3 42. Re3 e5 43. Kg3 e4 (43... Nf4 $142) 44. f3 (44. Rd8+ $16 Ke5 45. b4) 44... Nxb2 $14 {Threatens to win with ...Rd3.} 45. fxe4 {Hoping for Rd8+.} dxe4 $2 {[%mdl 8192] [#]} (45... Nc4 $11 46. Rb3 Rxe4) 46. Rd8+ $1 $18 Ke5 47. Rxd4 Kxd4 {KR-KN} 48. Rb3 $1 {[%csl LRb2,LRb7][%mdl 64] Double Attack} Nc4 49. Rxb7 e3 50. Rg7 Ne5 {[#]} 51. Ra7 $1 Kd3 {( -> ...e2)} 52. Rxa6 Nf7 53. Rxg6 {White mates.} e2 54. Kf2 Kd2 55. Re6 Nxg5 56. Rxe2+ Kd3 57. a4 {[%cal Ba3a4,Ba4a5,Ba5a6,Ba6a7][%mdl 32]} Ne4+ 58. Kf3 Nc5 59. a5 Kc4 60. Rb2 Kd5 61. Ke3 Kc4 62. Rb6 Na4 63. Rh6 Kb5 64. a6 Nb6 65. a7 Na8 66. Rh8 {Accuracy: White = 66%, Black = 43%.} 1-0

[Event "45th Sitges Open 2019"]
[Site "Sitges"]
[Date "2019.07.27"]
[Round "6.2"]
[White "Guliyev, Namig"]
[Black "Pogorelov, Ruslan"]
[Result "1-0"]
[WhiteElo "2551"]
[BlackElo "2347"]
[Annotator "TA"]
[PlyCount "157"]
[EventDate "2019.07.21"]
[EventType "swiss"]
[EventCountry "ESP"]
[SourceTitle "playchess.com"]
[Source "ChessBase"]
[SourceQuality "1"]

{[%evp 13,157,-4,0,0,0,0,0,0,0,0,0,0,0,0,32,0,0,0,0,-5,-5,-5,-6,-6,-4,-7,-4,-25,0,0,0,-7,-14,-4,0,-54,0,0,0,0,0,0,0,0,0,0,0,0,0,0,0,0,0,0,0,0,0,-16,0,-12,0,-86,-77,-106,-88,-95,-93,-103,-108,-202,-200,-201,-195,-103,-74,-71,-8,-8,-8,-8,0,0,45,37,45,33,22,0,0,0,113,85,85,93,124,124,327,328,327,322,309,303,510,514,801,825,823,771,779,746,472,79,79,79,161,116,340,116,9488,5925,29976,29977,29977,29978,29978,29979,29978,29979,29976,29977,29977,29977,29976,29974,29972,29973,29981,29981,29981,29982,29986,29987,29987,29988,29988,29989]} 1. e4 c5 2. Nf3 e6 3. Qe2 Nc6 4. g3 d6 ({Predecessor:} 4... g6 5. Bg2 Bg7 6. O-O {0-1 (60) Cicak,S (2465)-Gurevich,M (2620) Germany 1997}) 5. Bg2 g6 6. O-O Bg7 7. c3 Nge7 {[#]} 8. d4 $1 {[%mdl 512] C00: French: Unusual White 2nd moves} cxd4 9. cxd4 Nxd4 $146 (9... O-O 10. Rd1 Qb6 11. Bg5 h6 12. Be3 d5 13. Nc3 dxe4 14. Nxe4 Nf5 15. Nc5 Rd8 {1-0 (50) Nepomniachtchi,I (2721)-Kamsky,G (2721) Beijing 2013}) 10. Nxd4 {The position is equal.} Bxd4 11. Bh6 Ng8 12. Be3 Bxe3 $1 13. Qxe3 Qb6 14. Qxb6 axb6 15. Na3 Ke7 16. Rfc1 Bd7 17. Rc7 Nf6 18. Rxb7 Rhb8 19. Rxb8 Rxb8 20. Rc1 d5 21. exd5 exd5 22. Nc2 Rc8 23. Re1+ Kd6 24. Nb4 (24. Nd4 $11) 24... Be6 ({Black should try} 24... Rc4 $15 25. a3 Rd4) 25. a3 $11 Rc4 26. f3 g5 27. Kf2 h5 28. Bf1 Rc8 29. Ba6 Rc7 30. Bd3 Nd7 31. f4 gxf4 32. gxf4 Nc5 33. Be2 Ne4+ 34. Ke3 Bg4 35. Bf1 Nc5 36. Kf2 Ne4+ 37. Kg1 (37. Ke3 $11 {remains equal.}) 37... h4 $17 38. Bg2 f5 $1 39. h3 Bh5 40. Kh2 Rc4 41. Re3 {[#]} (41. Rg1 $17) 41... Rd4 $1 $19 42. Rd3 Rxd3 43. Nxd3 {[%mdl 4096] Endgame KBN-KBN} Nc5 44. Bf1 Bf3 (44... Ne6 $17) 45. Ne5 $11 Be4 46. Kg1 Ne6 47. Ng6 Kc5 48. Kf2 d4 49. b4+ Kd5 50. Ba6 Nc7 $1 {[%cal Rc7a6]} 51. Bc8 Nb5 (51... Ne8 $11 {keeps the balance.}) 52. Ne7+ $16 Kd6 53. Nxf5+ Kc7 54. Be6 d3 $2 (54... Nxa3 $16 55. Nxd4 Kd6) 55. Ke3 $18 ({And not} 55. Nxh4 d2 $11) 55... d2 56. Kxd2 Nxa3 57. Nxh4 Nc2 $2 (57... Kd6) 58. Kc3 Ne1 (58... Na3 $142 59. Kd4 Kd6 60. Kxe4 Kxe6) 59. Bf5 Bxf5 60. Nxf5 {KN-KN} Ng2 61. h4 Nxf4 62. Ng3 $2 (62. b5 $18 {has better winning chances.}) 62... Kd6 $16 63. h5 {Hoping for h6.} Kd5 (63... Ke7 $16 {might work better.}) 64. h6 $18 {And now h7 would win.} Ng6 $2 {[#]} (64... Ke6 $16 65. h7 Ng6) 65. h7 $2 (65. b5 $1 $18 {and the rest is easy.}) 65... Nh8 $2 {[%mdl 8192]} (65... Ke6 $16) 66. Nf1 Ke5 67. Kc4 {White mates.} Kf6 68. Kb5 Kg7 69. Kxb6 Nf7 70. Kc7 Ne5 71. Ne3 Nd3 72. b5 {[%cal Bb4b5,Bb5b6,Bb6b7][%mdl 32]} Nc5 73. b6 Kxh7 74. Kc6 Na6 75. b7 Kg6 76. Nd5 Kf7 77. Kb6 Nb8 78. Kc7 Na6+ 79. Kc8 {Accuracy: White = 63%, Black = 51%.} 1-0

[Event "45th Sitges Open 2019"]
[Site "Sitges"]
[Date "2019.07.27"]
[Round "6.3"]
[White "Munoz, Miguel"]
[Black "Sreeshwan, Maralakshikari"]
[Result "1/2-1/2"]
[WhiteElo "2511"]
[BlackElo "2461"]
[Annotator "ChessBase"]
[PlyCount "41"]
[EventDate "2019.07.21"]
[EventType "swiss"]
[EventCountry "ESP"]
[SourceTitle "playchess.com"]
[Source "ChessBase"]
[SourceQuality "1"]
[TimeControl "40/5400+30:1800+30"]

1. e4 {[%emt 0:13:19]} c6 {[%emt 0:00:00]} 2. Nc3 {[%emt 0:00:08]} d5 {[%emt 0:00:00]} 3. Nf3 {[%emt 0:00:07]} dxe4 {[%emt 0:00:00]} 4. Nxe4 {[%emt 0:00:05]} Nf6 {[%emt 0:00:00]} 5. Qe2 {[%emt 0:00:07]} Nxe4 {[%emt 0:00:02]} 6. Qxe4 {[%emt 0:00:06]} Qd5 {[%emt 0:00:05]} 7. Qf4 {[%emt 0:01:53]} Qf5 {[%emt 0:00:05]} 8. Qxf5 {[%emt 0:01:19]} Bxf5 {[%emt 0:00:06]} 9. Nd4 {[%emt 0:00:20]} Be4 {[%emt 0:03:27]} 10. d3 {[%emt 0:05:30]} Bg6 {[%emt 0:00:35]} 11. Be2 {[%emt 0:00:55]} e5 {[%emt 0:00:51]} 12. Nb3 {[%emt 0:00:12]} Nd7 {[%emt 0:01:07]} 13. Bd2 {[%emt 0:00:08]} Bd6 {[%emt 0:00:57]} 14. Na5 {[%emt 0:00:58]} O-O-O {[%emt 0:00:23]} 15. O-O-O {[%emt 0:02:58]} Nb6 {[%emt 0:02:09]} 16. Bf3 {[%emt 0:06:37]} Bc5 {[%emt 0:02:39]} 17. Rde1 {[%emt 0:05:22]} Rhe8 {[%emt 0:01:15]} 18. Re2 {[%emt 0:00:33]} Bf5 {[%emt 0:03:56]} 19. Rhe1 {[%emt 0:10:49]} f6 {[%emt 0:00:18]} 20. h3 {[%emt 0:00:38]} Re7 {[%emt 0:04:01]} 21. Nb3 {[%emt 0:06:51]} 1/2-1/2

[Event "45th Sitges Open 2019"]
[Site "Sitges"]
[Date "2019.07.27"]
[Round "6.4"]
[White "Sturt, Raven"]
[Black "Beltran Rueda, Santiago"]
[Result "0-1"]
[WhiteElo "2429"]
[BlackElo "2326"]
[Annotator "RC"]
[PlyCount "144"]
[EventDate "2019.07.21"]
[EventType "swiss"]
[EventCountry "ESP"]
[SourceTitle "playchess.com"]
[Source "ChessBase"]
[SourceQuality "1"]
[TimeControl "40/5400+30:1800+30"]

1. e4 {[%emt 0:00:00]} c5 {[%emt 0:00:00]} 2. Nf3 {[%emt 0:00:00]} Nc6 {[%emt 0:00:00]} 3. Bb5 {[%emt 0:00:55]} g6 {[%emt 0:00:01]} 4. O-O {[%emt 0:00:14]} Bg7 {[%emt 0:00:10]} 5. Re1 {[%emt 0:02:17]} Nf6 {[%emt 0:00:26]} 6. Nc3 {[%emt 0:01:35]} O-O {[%emt 0:01:09]} 7. e5 {[%emt 0:02:36]} Ng4 {[%emt 0:02:03]} 8. Bxc6 {[%emt 0:01:16]} dxc6 {[%emt 0:00:21]} 9. d3 {[%emt 0:04:49]} Nh6 {[%emt 0:00:52]} 10. Be3 {[%emt 0:14:20]} b6 {[%emt 0:00:40]} 11. d4 {[%emt 0:01:38]} cxd4 {[%emt 0:02:24]} 12. Nxd4 {[%emt 0:04:31]} Bb7 {[%emt 0:18:19]} 13. Bxh6 {[%emt 0:10:20]} Bxh6 {[%emt 0:00:11]} 14. Qg4 {[%emt 0:00:07]} Bg7 {[%emt 0:04:53]} 15. Rad1 {[%emt 0:06:57]} Qc7 {[%emt 0:01:22]} 16. h4 {[%emt 0:02:22]} h5 {[%emt 0:21:24]} 17. Qg3 {[%emt 0:02:29]} Rad8 {[%emt 0:00:23]} 18. f4 {[%emt 0:02:55]} Bc8 {[%emt 0:04:54]} 19. Qf3 {[%emt 0:06:25]} Bb7 {[%emt 0:04:03]} 20. Qg3 {[%emt 0:03:49]} Qc8 {[%emt 0:02:11]} 21. Nf3 {[%emt 0:02:54]} Qf5 {[%emt 0:09:16]} 22. Nd4 {[%emt 0:01:32]} Qc8 {[%emt 0:00:20]} 23. b4 {[%emt 0:01:22]} c5 {[%emt 0:00:44]} 24. bxc5 {[%emt 0:00:05]} Qxc5 {[%emt 0:00:40]} 25. Qe3 {[%emt 0:00:11]} Qc4 {[%emt 0:05:51]} 26. Nce2 {[%emt 0:08:22]} Rd5 {[%emt 0:01:30]} 27. c3 {[%emt 0:02:39]} Ra5 {[%emt 0:01:56]} 28. Qg3 {[%emt 0:00:50]} e6 {[%emt 0:01:21]} 29. Nc1 {[%emt 0:01:33]} Rc8 {[%emt 0:01:22]} 30. Re3 {[%emt 0:00:26]} Ra3 {[%emt 0:01:09]} 31. Ndb3 {[%emt 0:01:35]} Bd5 {[%emt 0:01:07]} 32. Rd4 {[%emt 0:01:30]} Qc6 {[%emt 0:00:50]} 33. Kh2 {[%emt 0:04:25]} a5 {[%emt 0:02:23]} 34. Rd2 {[%emt 0:01:21]} Ra4 {[%emt 0:02:00]} 35. Nd4 {[%emt 0:00:50]} Qc4 {[%emt 0:01:08]} 36. Rb2 Bf8 {[%emt 0:03:46]} 37. Ncb3 {[%emt 0:07:24]} Kh7 {[%emt 0:03:38]} 38. Nd2 {[%emt 0:00:35]} Qc7 {[%emt 0:00:34]} 39. Ne4 {[%emt 0:00:32]} Bxe4 {[%emt 0:00:38]} 40. Rxe4 {[%emt 0:00:00]} Qxc3 {[%emt 0:00:00]} 41. Qxc3 {[%emt 0:04:22]} Rxc3 {[%emt 0:01:21]} 42. Nxe6 {[%emt 0:00:19]} Rxe4 {[%emt 0:00:51]} 43. Ng5+ {[%emt 0:00:04]} Kg7 {[%emt 0:00:17]} 44. Nxe4 {[%emt 0:00:06]} Rc4 {[%emt 0:00:23]} 45. Re2 {[%emt 0:01:55]} b5 {[%emt 0:00:48]} 46. Kg3 {[%emt 0:02:28]} Be7 {[%emt 0:02:02]} 47. Kf3 {[%emt 0:05:19]} Bxh4 {[%emt 0:00:47]} 48. Nd6 {[%emt 0:00:05]} Rc3+ {[%emt 0:01:44]} 49. Ke4 {[%emt 0:00:05]} b4 {[%emt 0:00:27]} 50. f5 {[%emt 0:03:01]} Rc1 {[%emt 0:03:21]} 51. f6+ {[%emt 0:01:03]} Kg8 {[%emt 0:01:34]} 52. Kd5 {[%emt 0:04:25]} Bg3 {[%emt 0:02:37]} 53. Nb7 {[%emt 0:06:00]} a4 {[%emt 0:04:09]} 54. Nc5 {[%emt 0:00:02]} a3 {[%emt 0:03:41]} 55. Nd3 {[%emt 0:00:54]} Rb1 {[%emt 0:01:38]} 56. Kc4 {[%emt 0:01:30]} h4 {[%emt 0:00:35]} 57. Nxb4 {[%emt 0:00:11]} Rb2 {[%emt 0:00:13]} 58. Re3 {[%emt 0:05:16]} Rxg2 {[%emt 0:00:16]} 59. Nd5 {[%emt 0:00:05]} h3 {[%emt 0:06:42]} 60. Ne7+ Kh7 {[%emt 0:00:57]} 61. e6 {[%emt 0:00:20]} h2 {[%emt 0:00:19]} 62. exf7 {[%emt 0:01:22]} h1=Q {[%emt 0:00:20]} 63. f8=Q {[%emt 0:00:10]} Qc1+ {[%emt 0:02:34]} 64. Kb5 {[%emt 0:01:33]} Qf1+ {[%emt 0:02:22]} 65. Kb6 {[%emt 0:01:01]} Rb2+ {[%emt 0:00:48]} 66. Ka7 {[%emt 0:00:24]} Bb8+ {[%emt 0:00:37]} 67. Qxb8 {[%emt 0:00:04]} Rxb8 {[%emt 0:00:18]} 68. Kxb8 {[%emt 0:02:47]} Qf4+ {[%emt 0:00:10]} 69. Kc8 {[%emt 0:00:04]} Qxe3 {[%emt 0:00:10]} 70. Kd7 {[%emt 0:00:06]} Qd2+ {[%emt 0:00:50]} 71. Ke8 {[%emt 0:00:20]} Qxa2 {[%emt 0:00:18]} 72. f7 {[%emt 0:00:07]} Qxf7+ {[%emt 0:00:12]} 0-1

[Event "45th Sitges Open 2019"]
[Site "Sitges"]
[Date "2019.07.27"]
[Round "6.5"]
[White "Gonzalez Rodriguez, Jorge A."]
[Black "Baklan, Vladimir"]
[Result "1-0"]
[WhiteElo "2201"]
[BlackElo "2621"]
[Annotator "TA"]
[PlyCount "75"]
[EventDate "2019.07.21"]
[EventType "swiss"]
[EventCountry "ESP"]
[SourceTitle "playchess.com"]
[Source "ChessBase"]
[SourceQuality "1"]

{[%evp 9,75,7,14,-2,18,7,4,22,44,35,83,85,73,-61,-74,-93,-92,-81,-50,-74,-85,-95,-49,-36,-60,-112,-104,-97,-22,-78,-71,-129,-81,-112,-41,-112,-93,-108,-82,-125,-88,-113,-115,-115,-104,-130,-130,-134,-130,-291,-291,-282,-266,-286,-284,-267,-225,-297,-298,-272,-225,-185,-162,-312,-260,-658,-579,-815]} 1. b3 e5 2. Bb2 Nc6 3. c4 g6 4. Nc3 (4. e3 Bg7 5. Nf3 d6 6. d4 Bd7 7. Nc3 Nh6 8. dxe5 dxe5 9. Be2 O-O 10. O-O e4 11. Nd2 f5 {1-0 (37) Brunello,S (2553)-Jussupow,A (2582) Katowice 2017}) 4... Bg7 5. g3 Nge7 6. Bg2 {A01: Nimzowitsch-Larsen Opening} O-O 7. d3 d6 8. e3 {The position is equal.} f5 9. Nge2 g5 $146 ({Predecessor:} 9... Be6 10. Nd5 Bxd5 11. cxd5 Nb4 12. e4 c5 13. a3 {1-0 (40) Genova,L (2232)-Vladimirova,M (1971) Plovdiv 2008}) 10. Qd2 f4 11. Bd5+ (11. gxf4 $16 gxf4 12. Be4) 11... Nxd5 $15 12. cxd5 fxe3 13. fxe3 Ne7 14. h4 gxh4 15. gxh4 Nf5 16. O-O-O $1 Bh6 17. Rdg1+ ({Better is} 17. Rh3 $15) 17... Kh8 $17 18. Nd1 Rg8 (18... Bd7 $17 19. Kb1 Rg8) 19. Rxg8+ (19. Kb1 $11) 19... Qxg8 20. Rg1 (20. Nec3 $142) 20... Qf7 21. Kb1 Bd7 ({Black should try} 21... Qxd5 $17 {Strongly threatening ...Bd7.} 22. Nf4 Qf7) 22. Nec3 (22. Qc3 $15) 22... Rg8 23. Rf1 Qe7 $36 {[%mdl 2048] Black has strong initiative.} 24. Qf2 Rf8 {[#] And now ...Nxe3 would win.} 25. Qe1 Qxh4 26. Rf2 Qh3 27. Qd2 Rg8 {[%cal Rf5e3]} 28. Bc1 Rg1 {aiming for ...Nxe3.} 29. Kc2 $2 {[#]} (29. Kb2 $17) 29... Nd4+ $1 $19 {[%mdl 576] Pin} 30. Kb2 (30. exd4 Bxd2) 30... Nf3 31. Qc2 {White hopes to continue with Ne2.} Ne1 32. Qd2 Qg4 33. Re2 Nf3 34. Qc2 Qg6 35. Bd2 c6 {Threatens to win with ...cxd5.} 36. Nf2 (36. Rf2 {is a better defense.} Bg4 37. Ne2) 36... Rg2 {...Ng1 is the strong threat.} 37. Qd1 $2 (37. dxc6 Bxc6 38. Nfd1) 37... Ng1 38. Kb1 {[%mdl 32768] Accuracy: White = 40%, Black = 52%. . Sensor Board Error (Ke4/e5)?} 1-0